| 000 | 00551nam a2200217 a 4500 | ||
|---|---|---|---|
| 001 | nice12345678 | ||
| 003 | IN_TiNIC | ||
| 005 | 20260116011652.0 | ||
| 008 | 080522s1951 cala grp 000 0 eng | ||
| 020 |
_a _c30 |
||
| 082 | 0 | 0 |
_a224 _bCAL |
| 245 | _aStories of the Prophets | ||
| 260 |
_aCalcutta _bCalcutta Christian Tract and Book Societ _c1951 |
||
| 300 | _a580p | ||
| 500 | _aincludes index and biblioraphy | ||
| 650 | _aProphets-Old Testament | ||
| 710 | 2 | _aCalcutta Chistian Tract | |
| 902 | _bSRS | ||
| 942 | _cBK | ||
| 999 |
_c3274 _d3274 |
||